000 00962nas a2200241 4500
001 BR8301239
003 BR-BrBNA
005 20231205085453.0
007 ta
008 230509b bl.|||p| |||| 00| 00por d
040 _aBR-BrBNA
_bpor
_cBiblioteca Nacional de Agricultura
041 _a(Pt)
072 _aM40
100 1 _aMalta, J.C. de O.
245 1 _aOs argulideos (Crustacea: branchiura)da Amazonia Brasileira. Aspectos da ecologia de Dolops discoidalis Bouvier, 1899 e Dolops bidentata Bouvier, 1899
_bParte de tese
246 1 _a[Argulidae (Crustacea: branchiura)of Brazilian Amazon. Aspects of the ecology of Dolops-discoidalis Bouvier, 1899 and Dolops bidentata Bouvier, 1899]
_b[Part of thesis]
650 _aCRUSTACEO
650 _aECOLOGIA AQUATICA
650 _aAMAZONIA
773 0 _tActa Amazonica (Brazil)
_xISSN 0044-5967
_g(Sep 1982), v. 12(3) p. 521-528
_wBR8301239
909 _a202311
_bLúcia
_c55
_dLúcia Elande
942 _2AGRIS
_n0
_cANA
999 _c111638
_d111638